La poética de Franklin Mieses Burgos / (Registro nro. 8603)

Detalles MARC
000 -LIDER
fixed length control field 01861nam a2200421 a 4500
001 - NÚMERO DE CONTROL
Identificador de número de control 000009050
003 - IDENTIFICACDOR DE NÚMERO DE CONTROL
control field DO-SdBNP
005 - DATE AND TIME OF LATEST TRANSACTION
control field 20171009094835.0
007 - CAMPOS FIJOS DE DESCRIPCIÓN FÍSICA
fixed length control field 000009050
008 - ELEMENTOS DE LONGITUD FIJA
fixed length control field 090925t1997 dr 001 0 spa d
040 ## - FUENTE DE CATALOGACIÓN
Agencia que crea de manera original el registro BPMSU
Idioma de catalogación spa
Agencia que realiza la transcripción BPMSU
082 ## - NÚMERO DE CLASIFICACIÓN DECIMAL DE DEWEY
Classification number RD861.4409
Item number M632zC
100 1# - ASIENTO PRINCIPAL -- NOMBRE PERSONAL
Nombre personal Céspedes, Diógenes
Fechas asociadas con el nombre 1941-
245 10 - MENCIÓN DE TITULO
Título La poética de Franklin Mieses Burgos /
Mención de responsabilidad Diógenes Céspedes ; presentación Roberto Saladín Selin.
260 ## - PUBLICACIÓN, DISTRIBUCIÓN, ETC. (PIE DE IMPRENTA)
Lugar de publicación, distribución, etc Santo Domingo :
Nombre del editor, distribuidor, etc. Banco de Reservas de la República Dominicana,
Fecha de publicación, distribución, etc 1997.
300 ## - DESCRIPCIÓN FÍSICA
Extensión 157 p. ;
Dimensiones 23 cm.
490 1# - MENCIÓN DE SERIES
Mención de serie Banreservas
490 1# - MENCIÓN DE SERIES
Mención de serie Literatura
Volume/sequential designation 4
500 ## - NOTA GENERAL
Nota general Incluye datos biográficos del autor en las solapas.
500 ## - NOTA GENERAL
Nota general Incluye referencias bibliograficas y notas al pie de las páginas
505 0# - NOTA DE CONTENIDO
Información miscelánea Presentación /
Mención de responsabilidad Roberto Saladín Selin --
Título Problemas de recepción --
-- La recepción dominicana de Mieses Burgos --
-- Política de la poética de Mieses Burgos: lectura de algunos poemas --
-- La escritura grande --
-- Conclusión perentoria --
-- La ciudad inefable: preparación del héroe --
-- Mieses Burgos en el recuerdo.
600 14 - ENCABEZAMIENTO DE MATERIA--NOMBRE PERSONAL
Nombre personal FRANKLIN MIESES BURGOS
Fechas asociadas con el nombre 1907 – 1976
Subdivisión temática general CRÍTICA E INTERPRETACIÓN
650 #4 - ENCABEZAMIENTO DE MATERIA--TEMÁTICO
Término temático o nombre geográfico como elemento de entrada POESÍA DOMINICANA
Subdivisión temática general HISTORIA Y CRÍTICA
650 #4 - ENCABEZAMIENTO DE MATERIA--TEMÁTICO
Término temático o nombre geográfico como elemento de entrada LITERATURA DOMINICANA
650 #4 - ENCABEZAMIENTO DE MATERIA--TEMÁTICO
Término temático o nombre geográfico como elemento de entrada AUTORES DOMINICANOS
Subdivisión temática general CRÍTICA E INTERPRETACIÓN
700 1# - ASIENTO SECUNDARIO -- NOMBRE PERSONAL
Nombre personal Saladín Selin, Roberto
830 #0 - ASIENTO SECUNDARIO DE SERIE--TÍTULO UNIFORME
Título uniforme Banreservas
830 #0 - ASIENTO SECUNDARIO DE SERIE--TÍTULO UNIFORME
Título uniforme Literatura
Volume number/sequential designation 4
910 ## - VALIDACIÓN
Validación Validado. Control de calidad EMS.
930 #1 - EQUIVALENCE OR CROSS-REFERENCE-UNIFORM TITLE HEADING [LOCAL, CANADA]
Language of a work BND01
Medium of performance for music LF1
Field link and sequence number 20090925
Date of a work 04
Name of part/section of a work HD
Miscellaneous information 4357
930 #1 - EQUIVALENCE OR CROSS-REFERENCE-UNIFORM TITLE HEADING [LOCAL, CANADA]
Language of a work BND01
Medium of performance for music LF1
Field link and sequence number 20090925
Date of a work 04
Name of part/section of a work HD
Miscellaneous information 4357
Medium e. 2
942 ## - ADDED ENTRY ELEMENTS (KOHA)
Source of classification or shelving scheme Dewey Decimal Classification
Koha item type Libros
945 ## - INFORMACIÓN DE PROCESAMIENTO LOCAL
Información de procesamiento local Inventariado, 2017/MFF
956 ## - LOCAL ELECTRONIC LOCATION AND ACCESS (OCLC)
Nombre de host SARMENTERO
Número de acceso 10
Información de compresión 20090925
Inicio de sesión BND01
Procesador de solicitud 1400
956 ## - LOCAL ELECTRONIC LOCATION AND ACCESS (OCLC)
Nombre de host VMATEO
Número de acceso 10
Información de compresión 20091001
Inicio de sesión BND01
Procesador de solicitud 0936
956 ## - LOCAL ELECTRONIC LOCATION AND ACCESS (OCLC)
Nombre de host MMOLINA
Número de acceso 40
Información de compresión 20130412
Inicio de sesión BND01
Procesador de solicitud 0909
956 ## - LOCAL ELECTRONIC LOCATION AND ACCESS (OCLC)
Nombre de host VMATEO
Número de acceso 10
Información de compresión 20151106
Inicio de sesión BPMSU
Procesador de solicitud 00151
Existencias
Withdrawn status Lost status Source of classification or shelving scheme Damaged status Not for loan Collection code Home library Current library Date acquired Total Checkouts Full call number Barcode Date last seen Price effective from Koha item type
    Dewey Decimal Classification     Colección Dominicana Biblioteca Pública Metropolitana Salomé Ureña Biblioteca Pública Metropolitana Salomé Ureña 11/20/2015   RD861.4409 M632zC BPMSU15110418 11/20/2015 11/20/2015 Libros
    Dewey Decimal Classification     Colección Dominicana Biblioteca Pública Metropolitana Salomé Ureña Biblioteca Pública Metropolitana Salomé Ureña 11/23/2015   RD861.4409 M632zc BPMSU17100005 11/23/2015 11/23/2015 Libros